000 010140000a22002410004500
020 _a978-84-339-6343-7
041 0 _aSPA
082 0 4 _aG 410 C343e
100 1 _aCassany, Daniel
245 1 0 _aEn_Línea : leer y escribir en la red / Daniel Cassany
260 _aBarcelona : Anagrama
300 _a282 páginas
440 0 _aColección Argumentos ; número 441
500 _aTítulo original en catalán: En_línea. Llegir i escriure a la xarxa
501 _arústico
505 0 0 _aPresentación -- La red y la escritura -- Metáforas -- La red contra el libro -- Material digital -- Aprender a leer y escribir en la red -- Aproximaciones pedagógicas -- Recursos para leer -- Recursos para escribir -- Géneros y experiencias -- La red para aprender -- Epílogo -- Bibliografía
650 1 4 _aLECTURA - INTERNET \ ARTE DE ESCRIBIR - INTERNET \ WEB
001 18441
942 _cBK
999 _c44877
_d44877
336 _atexto
_btxt
_2rdacontent
337 _2rdamedia
_asin mediación
_bn
338 _2rdacarrier
_avolumen
_bnc